[Event "Lake Sevan 2009"]
[Site "Martuni ARM"]
[Date "2009.07.10"]
[Round "1.1"]
[White "Jumabayev, Rinat"]
[Black "Pashikian, Arman"]
[Result "0-1"]
[WhiteElo "2550"]
[BlackElo "2650"]
[PlyCount "82"]
[EventDate "2009.07.10"]
[EventType "tourn"]
[EventRounds "9"]
[EventCountry "ARM"]
[EventCategory "14"]
[Source "lmi"]
[SourceDate "2009.07.10"]

1. Nf3 d5 2. d4 Nf6 3. c4 c6 4. e3 Bg4 5. Qb3 Qb6 6. Nc3 e6 7. Nh4 Bh5 8. h3
Be7 9. g4 Bg6 10. Nxg6 hxg6 11. g5 Nfd7 12. e4 dxe4 13. Be3 e5 14. dxe5 Bc5 15.
Qxb6 axb6 16. e6 fxe6 17. Ke2 Bxe3 18. Kxe3 Ra5 19. Nxe4 Nc5 20. Nc3 Nb3 21.
Rd1 Re5+ 22. Kf4 Rf5+ 23. Ke3 Nc5 24. b4 Re5+ 25. Kf4 Ncd7 26. h4 Rf5+ 27. Kg3
Rxg5+ 28. hxg5 Rxh1 29. Kg2 Rh8 30. Re1 Ke7 31. Bd3 Rh4 32. Kg3 Rd4 33. Bf1 Nf8
34. Re3 Nbd7 35. f4 e5 36. fxe5 Ne6 37. Ne4 Nxe5 38. c5 Rxb4 39. Bh3 bxc5 40.
Bxe6 Kxe6 41. Nxc5+ Kd6 0-1

[Event "Lake Sevan 2009"]
[Site "Martuni ARM"]
[Date "2009.07.10"]
[Round "1.3"]
[White "Berkes, Ferenc"]
[Black "Babuiian, Levon"]
[Result "1/2-1/2"]
[WhiteElo "2647"]
[BlackElo "2515"]
[PlyCount "130"]
[EventDate "2009.07.10"]
[EventType "tourn"]
[EventRounds "9"]
[EventCountry "ARM"]
[EventCategory "14"]
[Source "lmi"]
[SourceDate "2009.07.10"]

1. d4 Nf6 2. c4 e6 3. Nc3 Bb4 4. e3 d5 5. Bd3 c5 6. Nf3 O-O 7. O-O Nc6 8. a3
Bxc3 9. bxc3 dxc4 10. Bxc4 Qc7 11. Ba2 b6 12. h3 Bb7 13. Re1 Rfd8 14. e4 Nxe4
15. Rxe4 Nxd4 16. Bf4 Qe7 17. Nd2 Bxe4 18. Nxe4 Nf5 19. Qe2 h6 20. Re1 Rd7 21.
g4 Nh4 22. g5 Ng6 23. Bc1 hxg5 24. Bxg5 Qe8 25. f4 Qc8 26. Qh5 c4 27. Bb1 Qc7
28. h4 Rd5 29. Qf3 f5 30. Nf2 Qc6 31. h5 Nf8 32. h6 Rc8 33. Qg3 Rc7 34. Bf6 g6
35. Bd4 Rh7 36. Bg7 Rd7 37. Qe3 Rhxg7 38. hxg7 Kxg7 39. Bc2 Rd5 40. a4 Qc5 41.
Qxc5 Rxc5 42. Rd1 Rd5 43. Nh3 Kf6 44. Kf2 Rxd1 45. Bxd1 Nd7 46. Ke3 e5 47.
fxe5+ Kxe5 48. Ng5 f4+ 49. Kf3 Kf5 50. Nf7 g5 51. Nd6+ Ke5 52. Nxc4+ Kd5 53.
Be2 Kc5 54. Nd2 Kd5 55. Kg4 Nc5 56. Bd1 Ke5 57. Bc2 Ne6 58. Ne4 Nc7 59. Kxg5
Nd5 60. Kh4 a6 61. Bd3 b5 62. a5 Nxc3 63. Nxc3 Kd4 64. Bxb5 Kxc3 65. Bxa6 Kb4
1/2-1/2

[Event "Lake Sevan 2009"]
[Site "Martuni ARM"]
[Date "2009.07.10"]
[Round "1.5"]
[White "Li, Chao"]
[Black "Lysyj, Igor"]
[Result "1/2-1/2"]
[WhiteElo "2634"]
[BlackElo "2617"]
[PlyCount "71"]
[EventDate "2009.07.10"]
[EventType "tourn"]
[EventRounds "9"]
[EventCountry "ARM"]
[EventCategory "14"]
[Source "lmi"]
[SourceDate "2009.07.10"]

1. e4 e6 2. d4 d5 3. Nc3 Nf6 4. Bg5 dxe4 5. Nxe4 Nbd7 6. Nf3 h6 7. Nxf6+ Nxf6
8. Be3 Nd5 9. Bd3 Nxe3 10. fxe3 Bd6 11. e4 c5 12. e5 Be7 13. Qe2 Bd7 14. O-O-O
Bc6 15. Be4 Qc7 16. d5 exd5 17. Bxd5 O-O-O 18. c4 Rhf8 19. Rd3 Kb8 20. Rhd1 Bd7
21. Qe4 f5 22. Qe2 Bc8 23. Re1 Rfe8 24. Rb3 b6 25. g3 g5 26. e6 g4 27. Ne5 Bg5+
28. Kc2 Rd6 29. Rd3 Bxe6 30. Bh1 f4 31. gxf4 Bf5 32. Qg2 Kc8 33. fxg5 Rxd3 34.
Qa8+ Qb8 35. Qc6+ Qc7 36. Qa8+ 1/2-1/2

[Event "Lake Sevan 2009"]
[Site "Martuni ARM"]
[Date "2009.07.11"]
[Round "2.1"]
[White "Pashikian, Arman"]
[Black "Lysyj, Igor"]
[Result "1/2-1/2"]
[WhiteElo "2650"]
[BlackElo "2617"]
[PlyCount "89"]
[EventDate "2009.07.10"]
[EventType "tourn"]
[EventRounds "9"]
[EventCountry "ARM"]
[EventCategory "14"]
[Source "lmi"]
[SourceDate "2009.07.10"]

1. d4 e6 2. Nf3 Nf6 3. c4 b6 4. g3 Bb4+ 5. Bd2 Bxd2+ 6. Qxd2 Bb7 7. Bg2 O-O 8.
O-O d6 9. Nc3 Ne4 10. Nxe4 Bxe4 11. Qf4 f5 12. Rfd1 Qe7 13. c5 Nd7 14. cxd6
cxd6 15. Nd2 Bxg2 16. Kxg2 Nf6 17. Qf3 Rac8 18. Rac1 Qd7 19. Qa3 Rc6 20. Rxc6
Qxc6+ 21. Nf3 a5 22. Qe3 Qd5 23. Rc1 Qxa2 24. Rc6 Ne4 25. Rxb6 Qc4 26. Qd3 Rc8
27. Rb8 Qc7 28. Rxc8+ Qxc8 29. Qb5 Qd8 30. Ne1 Nf6 31. Nd3 g5 32. Qc6 Kf7 33.
f3 Qb8 34. Kf1 h6 35. e4 fxe4 36. fxe4 Ke7 37. Ke2 Nd7 38. Kd2 Qa7 39. Kc3 a4
40. e5 Qa5+ 41. Kc2 dxe5 42. Nc5 Nxc5 43. dxc5 Qb4 44. Qd6+ Kf6 45. g4 1/2-1/2

[Event "Lake Sevan 2009"]
[Site "Martuni ARM"]
[Date "2009.07.11"]
[Round "2.2"]
[White "Ter Sahakyan, Samvel"]
[Black "Li, Chao"]
[Result "1/2-1/2"]
[WhiteElo "2480"]
[BlackElo "2634"]
[PlyCount "137"]
[EventDate "2009.07.10"]
[EventType "tourn"]
[EventRounds "9"]
[EventCountry "ARM"]
[EventCategory "14"]
[Source "lmi"]
[SourceDate "2009.07.10"]

1. e4 e5 2. Nf3 Nc6 3. Bb5 Nf6 4. O-O Nxe4 5. d4 Nd6 6. Bxc6 dxc6 7. dxe5 Nf5
8. Qxd8+ Kxd8 9. Nc3 Ke8 10. h3 h5 11. Bg5 Be7 12. Rad1 Be6 13. Rd2 Rd8 14.
Rxd8+ Kxd8 15. Rd1+ Ke8 16. g3 a6 17. Kg2 b6 18. b3 f6 19. exf6 gxf6 20. Bf4
Bd6 21. Nd4 Nxd4 22. Rxd4 Ke7 23. Ne2 a5 24. Bxd6+ cxd6 25. Rh4 Bf7 26. Nf4 a4
27. g4 Rg8 28. Kf3 hxg4+ 29. Rxg4 Rg5 30. Ke3 a3 31. Rg3 b5 32. h4 Rc5 33. Kd2
Rf5 34. Ke3 c5 35. Rh3 Kf8 36. Rh1 b4 37. Rc1 d5 38. Kf3 c4 39. Kg4 Re5 40. Rd1
Kg7 41. Kf3 Kh6 42. Rb1 Re4 43. Rg1 f5 44. Rb1 Kg7 45. Rg1+ Kh6 46. Rb1 Kh7 47.
bxc4 Rxc4 48. Nd3 Rxc2 49. Rxb4 Rxa2 50. Rb7 Kg8 51. Rb8+ Kg7 52. Rb7 Kf8 53.
Rb8+ Be8 54. h5 Ra1 55. Ra8 a2 56. Nb4 Rh1 57. Nxa2 Ke7 58. Ra7+ Kf6 59. h6 Bf7
60. Nb4 Rxh6 61. Ra6+ Be6 62. Nxd5+ Ke5 63. Nb4 Rh3+ 64. Kg2 Rb3 65. Nc6+ Kf4
66. Ne7 Bd7 67. Rd6 Bb5 68. Ng6+ Kg5 69. Ne5 1/2-1/2

[Event "Lake Sevan 2009"]
[Site "Martuni ARM"]
[Date "2009.07.11"]
[Round "2.3"]
[White "Babuiian, Levon"]
[Black "Grigoryan, Avetik"]
[Result "1/2-1/2"]
[WhiteElo "2515"]
[BlackElo "2504"]
[PlyCount "166"]
[EventDate "2009.07.10"]
[EventType "tourn"]
[EventRounds "9"]
[EventCountry "ARM"]
[EventCategory "14"]
[Source "lmi"]
[SourceDate "2009.07.10"]

1. Nf3 Nf6 2. g3 g6 3. Bg2 Bg7 4. O-O O-O 5. d4 d6 6. c4 Nbd7 7. Nc3 e5 8. dxe5
dxe5 9. Qc2 c6 10. b4 Re8 11. Bb2 Qe7 12. c5 a5 13. a3 e4 14. Ng5 e3 15. f4 Nf8
16. Rad1 h6 17. Nf3 Bf5 18. Qc1 axb4 19. axb4 Ng4 20. Nh4 Qe6 21. b5 Red8 22.
h3 Nf2 23. Rxd8 Rxd8 24. g4 Bxg4 25. hxg4 Rd2 26. Nf3 Rxb2 27. Qxb2 Qxg4 28.
Nh2 Qg3 29. bxc6 bxc6 30. Qc2 Nh3+ 31. Kh1 Nf2+ 32. Rxf2 Qxf2 33. Nd1 Qe1+ 34.
Nf1 Ne6 35. Ndxe3 Nxf4 36. Qd1 Qf2 37. Qd6 Nxe2 38. Qh2 Nd4 39. Ng4 Qf5 40.
Nxh6+ Bxh6 41. Qxh6 Qxc5 42. Qe3 Qh5+ 43. Kg1 Ne6 44. Qf2 Qc5 45. Ne3 Nd4 46.
Be4 f5 47. Bd3 Kg7 48. Kg2 Qe5 49. Nc4 Qd5+ 50. Kg3 c5 51. Qe3 Kf6 52. Kf2 Ne6
53. Nd2 Qd4 54. Nf3 Qxe3+ 55. Kxe3 g5 56. Bc4 Nf8 57. Nd2 Nd7 58. Nb3 Ne5 59.
Ba6 c4 60. Nd4 c3 61. Be2 g4 62. Nc2 g3 63. Bf1 Kg5 64. Kd4 f4 65. Kxc3 f3 66.
Ne1 Kf4 67. Kd2 Nf7 68. Kd3 Ne5+ 69. Kd2 Ke4 70. Ba6 Kf4 71. Bf1 Nc6 72. Kd3
Nb4+ 73. Kd2 Ke4 74. Bh3 Nd5 75. Bf1 Ne3 76. Ba6 f2 77. Ng2 Nd5 78. Ke2 Nc3+
79. Kf1 Nd1 80. Bb7+ Kd4 81. Ba6 Ke4 82. Bb7+ Ke5 83. Ba6 Ke4 1/2-1/2

[Event "Lake Sevan 2009"]
[Site "Martuni ARM"]
[Date "2009.07.12"]
[Round "3.2"]
[White "Berkes, Ferenc"]
[Black "Jumabayev, Rinat"]
[Result "1-0"]
[WhiteElo "2647"]
[BlackElo "2550"]
[PlyCount "80"]
[EventDate "2009.07.10"]
[EventType "tourn"]
[EventRounds "9"]
[EventCountry "ARM"]
[EventCategory "14"]
[Source "lmi"]
[SourceDate "2009.07.10"]

1. d4 Nf6 2. c4 e6 3. g3 Bb4+ 4. Bd2 a5 5. Bg2 d5 6. Qc2 O-O 7. Nf3 c5 8. dxc5
d4 9. Bxb4 axb4 10. Nbd2 Nc6 11. O-O Qe7 12. Nb3 e5 13. e4 dxe3 14. fxe3 Nd7
15. Kh1 h6 16. Nh4 Nxc5 17. Bd5 Ne6 18. Nf5 Qg5 19. Qf2 Nc7 20. Bxf7+ Kh8 21.
Nh4 Ne7 22. Qg2 Bd7 23. e4 b5 24. Bd5 Rad8 25. Nc5 Bg4 26. Nb7 Rb8 27. Nd6 bxc4
28. Nf7+ Rxf7 29. Rxf7 Nexd5 30. exd5 Nb5 31. Raf1 Nd6 32. Rf8+ Rxf8 33. Rxf8+
Kh7 34. h3 Bh5 35. Qf2 e4 36. g4 c3 37. bxc3 bxc3 38. gxh5 c2 39. Qxc2 Qxh4 40.
Qh2 Nc4 1-0

[Event "Lake Sevan 2009"]
[Site "Martuni ARM"]
[Date "2009.07.12"]
[Round "3.4"]
[White "Li, Chao"]
[Black "Babuiian, Levon"]
[Result "0-1"]
[WhiteElo "2634"]
[BlackElo "2515"]
[PlyCount "130"]
[EventDate "2009.07.10"]
[EventType "tourn"]
[EventRounds "9"]
[EventCountry "ARM"]
[EventCategory "14"]
[Source "lmi"]
[SourceDate "2009.07.10"]

1. e4 e5 2. Nf3 Nc6 3. d4 exd4 4. Nxd4 Bb4+ 5. c3 Bc5 6. Nxc6 bxc6 7. Bd3 Qh4
8. Qf3 Nf6 9. h3 d5 10. g3 dxe4 11. Qe2 Qh5 12. Qxh5 Nxh5 13. Bxe4 O-O 14. Bf3
Re8+ 15. Kf1 Nf6 16. b4 Ba6+ 17. Kg2 Bb6 18. a4 Ne4 19. a5 Bxf2 20. b5 Bxb5 21.
Bxe4 Rxe4 22. Kxf2 Re2+ 23. Kf3 Rae8 24. Na3 Ba6 25. c4 c5 26. Rb1 Bc8 27. g4
Bd7 28. Kg3 h5 29. gxh5 Bc6 30. Rg1 R8e3+ 31. Kh4 Rf3 32. Rg3 Rf5 33. Rbb3 Kh7
34. Rg5 Rf1 35. Be3 f6 36. Rg3 Rf5 37. Nb5 Bf3 38. Rg1 Bxh5 39. Nxa7 Rc2 40.
Ra3 Be2 41. Bc1 Bf1 42. Kg4 g6 43. Bf4 Rf2 44. Rxf1 R5xf4+ 45. Kg3 Rxf1 46. Nb5
Rf5 47. h4 g5 48. a6 gxh4+ 49. Kxh4 Rg1 50. a7 Kh6 51. Rg3 Ra1 52. Na3 Rh5+ 53.
Kg4 Rg5+ 54. Kf4 Rf1+ 55. Ke4 Re1+ 56. Kf4 Re8 57. Rh3+ Rh5 58. Rxh5+ Kxh5 59.
Nb5 Ra8 60. Kf5 c6 61. Nd6 Rxa7 62. Kxf6 Kg4 63. Nc8 Ra8 64. Ne7 Kf4 65. Ke6
Re8 0-1

[Event "Lake Sevan 2009"]
[Site "Martuni ARM"]
[Date "2009.07.12"]
[Round "3.5"]
[White "Lysyj, Igor"]
[Black "Ter Sahakyan, Samvel"]
[Result "1/2-1/2"]
[WhiteElo "2617"]
[BlackElo "2480"]
[PlyCount "113"]
[EventDate "2009.07.10"]
[EventType "tourn"]
[EventRounds "9"]
[EventCountry "ARM"]
[EventCategory "14"]
[Source "lmi"]
[SourceDate "2009.07.10"]

1. d4 d5 2. c4 c6 3. Nf3 Nf6 4. e3 e6 5. Nbd2 c5 6. cxd5 Nxd5 7. e4 Nf6 8. e5
Nd5 9. dxc5 Bxc5 10. a3 O-O 11. Qc2 Be7 12. Bd3 h6 13. Qc4 Nd7 14. O-O a5 15.
Qe4 f5 16. exf6 N7xf6 17. Qd4 Nf4 18. Bc4 Qc7 19. Ne4 b5 20. Bxf4 Qxc4 21. Ned2
Qxd4 22. Nxd4 Bd7 23. Rfe1 Nd5 24. Bg3 Ra6 25. N2f3 Rd8 26. Bh4 Bf6 27. Re4 Rb8
28. Bg3 Rc8 29. Be5 Rb6 30. Ree1 Rc4 31. h4 a4 32. b3 axb3 33. Nxb3 Ra6 34.
Nfd2 Rc2 35. Bxf6 gxf6 36. Ne4 Ra7 37. Nec5 e5 38. Nxd7 Rxd7 39. Red1 Rc4 40.
Rab1 Nc3 41. Rxd7 Nxb1 42. h5 Nxa3 43. Rb7 b4 44. Nd2 Rd4 45. Nb3 Rd1+ 46. Kh2
Nc2 47. Nc5 f5 48. Nd7 e4 49. Kg3 Kf7 50. Kf4 Rd2 51. Kxf5 Rxf2+ 52. Kxe4 Rxg2
53. Ne5+ Kf6 54. Rb6+ Kg7 55. Rb7+ Kf6 56. Rb6+ Kg7 57. Rb7+ 1/2-1/2

[Event "Lake Sevan 2009"]
[Site "Martuni ARM"]
[Date "2009.07.13"]
[Round "4.1"]
[White "Pashikian, Arman"]
[Black "Ter Sahakyan, Samvel"]
[Result "1/2-1/2"]
[WhiteElo "2650"]
[BlackElo "2480"]
[PlyCount "91"]
[EventDate "2009.07.10"]
[EventType "tourn"]
[EventRounds "9"]
[EventCountry "ARM"]
[EventCategory "14"]
[Source "lmi"]
[SourceDate "2009.07.10"]

1. d4 d5 2. c4 c6 3. Nf3 e6 4. Nbd2 Nf6 5. g3 Be7 6. Bg2 O-O 7. O-O Nbd7 8. Qc2
b6 9. e4 Nxe4 10. Nxe4 dxe4 11. Qxe4 Bb7 12. Rd1 Qc8 13. Ng5 Nf6 14. Qf3 Rd8
15. Be3 Rd7 16. c5 Qf8 17. Rac1 Rad8 18. Qe2 Nd5 19. Qc2 g6 20. Bd2 Nb4 21.
Bxb4 Bxg5 22. Bd2 Bxd2 23. Rxd2 bxc5 24. Qxc5 Qxc5 25. Rxc5 Rxd4 26. Rxd4 Rxd4
27. Bxc6 Bxc6 28. Rxc6 Rd2 29. Rc8+ Kg7 30. Rb8 h5 31. h4 Kf6 32. Kg2 e5 33.
Kf3 Ke6 34. Ke3 Rc2 35. Rb7 a5 36. Rb6+ Kf5 37. Rb5 f6 38. a3 a4 39. Rb4 Ke6
40. Rb6+ Kf5 41. Rb4 Ke6 42. Rb5 Kf5 43. Rb6 g5 44. hxg5 fxg5 45. Rb4 Ke6 46.
Rb6+ 1/2-1/2

[Event "Lake Sevan 2009"]
[Site "Martuni ARM"]
[Date "2009.07.13"]
[Round "4.3"]
[White "Kotanjian, Tigran"]
[Black "Li, Chao"]
[Result "0-1"]
[WhiteElo "2580"]
[BlackElo "2634"]
[PlyCount "128"]
[EventDate "2009.07.10"]
[EventType "tourn"]
[EventRounds "9"]
[EventCountry "ARM"]
[EventCategory "14"]
[Source "lmi"]
[SourceDate "2009.07.10"]

1. d4 Nf6 2. c4 e6 3. Nf3 b6 4. g3 Ba6 5. b3 c6 6. Bg2 d5 7. O-O Nbd7 8. Nbd2
Rc8 9. e4 dxe4 10. Ng5 c5 11. Ndxe4 h6 12. Nxf6+ Qxf6 13. Nf3 b5 14. Bf4 cxd4
15. Nxd4 e5 16. cxb5 Bc5 17. Nc6 Bxb5 18. Nxe5 Nxe5 19. Bxe5 Qg6 20. Re1 O-O
21. Be4 f5 22. Bd5+ Kh8 23. Qf3 Bb4 24. Rec1 Rce8 25. Qf4 Ba3 26. Re1 a5 27.
Bc4 Bc6 28. Rad1 Bb4 29. Re3 Be4 30. Rd7 Re7 31. Rd4 Rfe8 32. Bd6 Rd7 33. Bc5
Rxd4 34. Bxd4 Bd2 35. Qc7 Bxe3 36. fxe3 Ra8 37. Kf2 Kh7 38. h4 h5 39. a4 Rf8
40. Be5 Ba8 41. Ke1 Be4 42. Qxa5 Rc8 43. Qa7 f4 44. gxf4 Rd8 45. Bd4 Qg4 46.
Kd2 Rd7 47. Qb8 Qg2+ 48. Be2 Rb7 49. Qe5 Bf3 50. Qf5+ g6 51. Qd3 Rc7 52. Bc3
Bxe2 53. Qd4 Bg4+ 54. Kc1 Qa8 55. Kb2 Qf8 56. a5 Bc8 57. b4 Ba6 58. e4 Rf7 59.
f5 gxf5 60. exf5 Rxf5 61. Qa7+ Qf7 62. Qxa6 Rf2+ 63. Kc1 Qf4+ 64. Kd1 Qg4+ 0-1

[Event "Lake Sevan 2009"]
[Site "Martuni ARM"]
[Date "2009.07.13"]
[Round "4.4"]
[White "Jumabayev, Rinat"]
[Black "Grigoryan, Avetik"]
[Result "0-1"]
[WhiteElo "2550"]
[BlackElo "2504"]
[PlyCount "89"]
[EventDate "2009.07.10"]
[EventType "tourn"]
[EventRounds "9"]
[EventCountry "ARM"]
[EventCategory "14"]
[Source "lmi"]
[SourceDate "2009.07.10"]

1. d4 Nf6 2. c4 g6 3. Nf3 Bg7 4. g3 O-O 5. Bg2 c5 6. O-O cxd4 7. Nxd4 d5 8.
cxd5 Nxd5 9. Nb3 e6 10. Nc3 Nxc3 11. bxc3 Qc7 12. Bg5 Bd7 13. Be7 Re8 14. Bd6
Qc8 15. Rc1 Bc6 16. e4 Bf8 17. c4 Bxd6 18. Qxd6 Na6 19. Na5 e5 20. Rfd1 Re6 21.
Qa3 Qf8 22. c5 Nc7 23. Qb2 Nb5 24. Nxb7 Rb8 25. Na5 Nd4 26. Nb3 Ba4 27. Rxd4
exd4 28. Qxd4 Qe8 29. Na5 Rd8 30. Qc3 Qb5 31. Bf1 Qe8 32. f3 Bb5 33. Bh3 Rd3
34. Qb4 f5 35. a4 Ba6 36. c6 Rxf3 37. Bg2 Rxe4 38. Qd2 Rd3 39. Qa2+ Kg7 40.
Bxe4 Qxe4 41. Qb2+ Kh6 42. Qf2 Qd5 43. Nb3 Rxb3 44. Qf4+ g5 45. Qf2 0-1

[Event "Lake Sevan 2009"]
[Site "Martuni ARM"]
[Date "2009.07.14"]
[Round "5.3"]
[White "Li, Chao"]
[Black "Jumabayev, Rinat"]
[Result "1-0"]
[WhiteElo "2634"]
[BlackElo "2550"]
[PlyCount "57"]
[EventDate "2009.07.10"]
[EventType "tourn"]
[EventRounds "9"]
[EventCountry "ARM"]
[EventCategory "14"]
[Source "lmi"]
[SourceDate "2009.07.10"]

1. e4 e5 2. Nf3 Nc6 3. d4 exd4 4. Nxd4 Bc5 5. Nxc6 Qf6 6. Qf3 bxc6 7. Be2 Qxf3
8. Bxf3 Ne7 9. Nc3 d6 10. O-O Bd4 11. Bd2 Rb8 12. b3 g5 13. Rad1 g4 14. Be2 Ng6
15. Na4 Bf6 16. Ba5 Bd8 17. c4 c5 18. Nc3 Be6 19. Nd5 Kd7 20. Bc3 Rg8 21. f4
gxf3 22. Bxf3 Nh4 23. e5 Nxf3+ 24. Rxf3 Rg5 25. Rfd3 Bf5 26. R3d2 Kc6 27. exd6
cxd6 28. Ne3 Bc7 29. Rd5 1-0

[Event "Lake Sevan 2009"]
[Site "Martuni ARM"]
[Date "2009.07.14"]
[Round "5.4"]
[White "Lysyj, Igor"]
[Black "Kotanjian, Tigran"]
[Result "1-0"]
[WhiteElo "2617"]
[BlackElo "2580"]
[PlyCount "57"]
[EventDate "2009.07.10"]
[EventType "tourn"]
[EventRounds "9"]
[EventCountry "ARM"]
[EventCategory "14"]
[Source "lmi"]
[SourceDate "2009.07.10"]

1. d4 d5 2. c4 e6 3. Nf3 Nf6 4. g3 dxc4 5. Bg2 c5 6. O-O Nc6 7. dxc5 Bxc5 8.
Qa4 Bd7 9. Qxc4 Qe7 10. Nc3 Rc8 11. Bg5 h6 12. Bxf6 gxf6 13. Rfd1 Na5 14. Qf4
Bc6 15. Rac1 Kf8 16. Nh4 h5 17. Bxc6 Rxc6 18. Ne4 Kg7 19. Rxc5 Rxc5 20. Nxc5
Qxc5 21. b4 Qc2 22. Rc1 Qxa2 23. bxa5 Qxa5 24. Nf3 b5 25. Nd4 b4 26. Qd6 h4 27.
Rb1 hxg3 28. Qxg3+ Kh7 29. Kh1 1-0

[Event "Lake Sevan 2009"]
[Site "Martuni ARM"]
[Date "2009.07.14"]
[Round "5.5"]
[White "Ter Sahakyan, Samvel"]
[Black "Babuiian, Levon"]
[Result "1/2-1/2"]
[WhiteElo "2480"]
[BlackElo "2515"]
[PlyCount "39"]
[EventDate "2009.07.10"]
[EventType "tourn"]
[EventRounds "9"]
[EventCountry "ARM"]
[EventCategory "14"]
[Source "lmi"]
[SourceDate "2009.07.10"]

1. e4 c5 2. Nf3 Nc6 3. d4 cxd4 4. Nxd4 g6 5. Nc3 Bg7 6. Be3 Nf6 7. Bc4 O-O 8.
Bb3 d6 9. f3 Bd7 10. Qd2 Na5 11. h4 Nxb3 12. axb3 h5 13. Nd5 Nxd5 14. exd5 a5
15. Bh6 Bxh6 16. Qxh6 Qb6 17. c3 a4 18. g4 axb3 19. Rd1 hxg4 20. h5 1/2-1/2

[Event "Lake Sevan 2009"]
[Site "Martuni ARM"]
[Date "2009.07.15"]
[Round "6.3"]
[White "Jumabayev, Rinat"]
[Black "Lysyj, Igor"]
[Result "1/2-1/2"]
[WhiteElo "2550"]
[BlackElo "2617"]
[PlyCount "53"]
[EventDate "2009.07.10"]
[EventType "tourn"]
[EventRounds "9"]
[EventCountry "ARM"]
[EventCategory "14"]
[Source "lmi"]
[SourceDate "2009.07.10"]

1. Nf3 Nf6 2. c4 e6 3. d4 b6 4. g3 Bb4+ 5. Bd2 Bxd2+ 6. Qxd2 Bb7 7. Bg2 O-O 8.
O-O d6 9. Qf4 Ne4 10. Nfd2 e5 11. Qe3 Nxd2 12. Bxb7 Nxf1 13. Kxf1 Nd7 14. Bxa8
Qxa8 15. Kg1 e4 16. Nc3 Nf6 17. a4 a5 18. Rc1 Qb7 19. Nb5 Nd7 20. Qg5 Qc8 21.
Qf5 Re8 22. Na7 g6 23. Qb5 Qd8 24. Nc6 Qc8 25. Na7 Qd8 26. Nc6 Qc8 27. Na7
1/2-1/2

[Event "Lake Sevan 2009"]
[Site "Martuni ARM"]
[Date "2009.07.16"]
[Round "7.1"]
[White "Grigoryan, Avetik"]
[Black "Pashikian, Arman"]
[Result "0-1"]
[WhiteElo "2504"]
[BlackElo "2650"]
[PlyCount "96"]
[EventDate "2009.07.10"]
[EventType "tourn"]
[EventRounds "9"]
[EventCountry "ARM"]
[EventCategory "14"]
[Source "lmi"]
[SourceDate "2009.07.10"]

1. c4 e5 2. Nc3 f5 3. e3 d6 4. d4 e4 5. g4 fxg4 6. Nxe4 Nf6 7. Bd3 Nxe4 8. Bxe4
Qh4 9. Ne2 g6 10. Ng3 Bg7 11. Bd2 O-O 12. Bc3 Nd7 13. c5 Nf6 14. Qb3+ Kh8 15.
Bg2 Qg5 16. c6 b6 17. d5 h5 18. Rg1 h4 19. Ne2 Nh5 20. f4 Qe7 21. Bxg7+ Kxg7
22. O-O-O Bf5 23. Nd4 Rae8 24. Rde1 Bc8 25. Kd2 Kh6 26. Ne6 Bxe6 27. dxe6 Rf5
28. Bd5 Nf6 29. e4 Rxf4 30. Qe3 g5 31. Ref1 Nxd5 32. exd5 Qf6 33. Rxf4 gxf4 34.
Qc3 Qg5 35. Qd4 g3 36. Kd3 Qf5+ 37. Kd2 Qe5 38. Kd3 Qxd4+ 39. Kxd4 Kg5 40. Ke4
Kg4 41. h3+ Kxh3 42. Kf3 Kh2 43. Rg2+ Kh1 44. Re2 h3 45. Re1+ Kh2 46. a4 g2 47.
Kf2 Rg8 48. Rg1 Rg5 0-1

[Event "Lake Sevan 2009"]
[Site "Martuni ARM"]
[Date "2009.07.16"]
[Round "7.2"]
[White "Li, Chao"]
[Black "Berkes, Ferenc"]
[Result "0-1"]
[WhiteElo "2634"]
[BlackElo "2647"]
[PlyCount "94"]
[EventDate "2009.07.10"]
[EventType "tourn"]
[EventRounds "9"]
[EventCountry "ARM"]
[EventCategory "14"]
[Source "lmi"]
[SourceDate "2009.07.10"]

1. e4 c6 2. d4 d5 3. f3 e6 4. Nc3 Bb4 5. Bf4 Ne7 6. Qd3 b6 7. Nge2 Ba6 8. Qe3
O-O 9. O-O-O Nd7 10. Bg5 Re8 11. a3 Bxc3 12. Qxc3 Qc7 13. Ng3 Bxf1 14. Rhxf1 f6
15. Be3 c5 16. Nh5 Rac8 17. Rfe1 Kh8 18. Bg1 a5 19. Re2 Qb7 20. Qe1 cxd4 21.
exd5 e5 22. Bxd4 Nxd5 23. f4 Qc6 24. c3 g6 25. fxe5 gxh5 26. exf6 N7xf6 27.
Rxe8+ Rxe8 28. Qh4 Kg8 29. Qg5+ Kf7 30. Rf1 Re4 31. Qxh5+ Kg8 32. Qg5+ Kf7 33.
Qh5+ Kg8 34. Qg5+ Kf7 35. Kb1 Qe6 36. Qg3 b5 37. Ka1 b4 38. Qd3 b3 39. Qd1 a4
40. c4 Qg4 41. Qxg4 Rxg4 42. Rd1 Ne7 43. Kb1 Nf5 44. Bc3 Ne4 45. Bb4 Rxg2 46.
c5 Nd4 47. Re1 Re2 0-1

[Event "Lake Sevan 2009"]
[Site "Martuni ARM"]
[Date "2009.07.16"]
[Round "7.4"]
[White "Ter Sahakyan, Samvel"]
[Black "Jumabayev, Rinat"]
[Result "1-0"]
[WhiteElo "2480"]
[BlackElo "2550"]
[PlyCount "63"]
[EventDate "2009.07.10"]
[EventType "tourn"]
[EventRounds "9"]
[EventCountry "ARM"]
[EventCategory "14"]
[Source "lmi"]
[SourceDate "2009.07.10"]

1. e4 c5 2. Nf3 d6 3. d4 cxd4 4. Nxd4 Nf6 5. Nc3 a6 6. Be3 e6 7. Qd2 b5 8. f3
Nbd7 9. O-O-O Bb7 10. Bd3 Rc8 11. g4 b4 12. Nce2 d5 13. Ng3 Ne5 14. g5 Nxd3+
15. Qxd3 dxe4 16. Qb3 Nd5 17. Nh5 Qa5 18. fxe4 Nxe3 19. Qxe3 Qxa2 20. Nb3 Be7
21. Nxg7+ Kf8 22. Rd7 Bxe4 23. Nxe6+ fxe6 24. Rf1+ Ke8 25. Rxe7+ Kxe7 26. Qxe4
Qxb3 27. Qb7+ Kd6 28. Rd1+ Ke5 29. Qg7+ Ke4 30. Qd4+ Kf5 31. Qf6+ Kg4 32. Rg1+
1-0

[Event "Lake Sevan 2009"]
[Site "Martuni ARM"]
[Date "2009.07.16"]
[Round "7.5"]
[White "Babuiian, Levon"]
[Black "Kotanjian, Tigran"]
[Result "0-1"]
[WhiteElo "2515"]
[BlackElo "2580"]
[PlyCount "126"]
[EventDate "2009.07.10"]
[EventType "tourn"]
[EventRounds "9"]
[EventCountry "ARM"]
[EventCategory "14"]
[Source "lmi"]
[SourceDate "2009.07.10"]

1. Nf3 d5 2. g3 Bg4 3. Bg2 Nd7 4. c4 e6 5. Qa4 Ngf6 6. cxd5 exd5 7. Ne5 b5 8.
Qf4 Bd6 9. d4 Qe7 10. Nc3 Nxe5 11. dxe5 Bxe5 12. Nxd5 Bxf4 13. Nxe7 Bxc1 14.
Rxc1 Kxe7 15. Bxa8 Rxa8 16. Rxc7+ Kf8 17. f3 Be6 18. Kf2 a5 19. a3 Rd8 20. Rhc1
a4 21. R1c5 Ne8 22. Ra7 Bc4 23. Ke1 g6 24. g4 Nf6 25. Rac7 Kg7 26. Rc8 Rd7 27.
Re5 h6 28. h4 Nh7 29. Ree8 f5 30. gxf5 gxf5 31. Re5 Rf7 32. Rcc5 Kg6 33. Kf2
Nf8 34. h5+ Kxh5 35. Rxf5+ Kg6 36. Rxf7 Kxf7 37. e4 Ne6 38. Rc6 h5 39. Kg3 Nd4
40. Rh6 Ne2+ 41. Kh4 Nf4 42. Kg5 Nd3 43. Rh7+ Ke6 44. f4 Nxb2 45. f5+ Kd6 46.
Ra7 Nd3 47. f6 Nc5 48. Re7 Nd7 49. Kf5 b4 50. axb4 a3 51. e5+ Kc6 52. e6 Nf8
53. b5+ Kb6 54. Re8 a2 55. Rb8+ Kc7 56. e7 Bd3+ 57. Kg5 Ne6+ 58. Kh6 a1=Q 59.
Rc8+ Kd6 60. Rc6+ Kd7 61. Rxe6 Qc1+ 62. Kxh5 Qh1+ 63. Kg5 Qd5+ 0-1

[Event "Lake Sevan 2009"]
[Site "Martuni ARM"]
[Date "2009.07.17"]
[Round "8.2"]
[White "Jumabayev, Rinat"]
[Black "Babuiian, Levon"]
[Result "1-0"]
[WhiteElo "2550"]
[BlackElo "2515"]
[PlyCount "145"]
[EventDate "2009.07.10"]
[EventType "tourn"]
[EventRounds "9"]
[EventCountry "ARM"]
[EventCategory "14"]
[Source "lmi"]
[SourceDate "2009.07.10"]

1. Nf3 Nf6 2. d4 e6 3. c4 c5 4. Nc3 cxd4 5. Nxd4 Bb4 6. g3 Ne4 7. Qd3 Nxc3 8.
bxc3 Be7 9. Bg2 O-O 10. O-O a6 11. Rd1 Qc7 12. Bf4 d6 13. c5 e5 14. cxd6 Qxd6
15. Nf5 Qf6 16. Nxe7+ Qxe7 17. Be3 Nc6 18. c4 Bg4 19. Bb6 Rac8 20. Rd2 Rfe8 21.
Rad1 Qe6 22. Bd5 Qf6 23. Rb1 h5 24. f3 Bh3 25. e4 g6 26. a3 Kg7 27. Rdb2 Be6
28. Qe3 Qe7 29. a4 Qd7 30. Qa3 f6 31. a5 g5 32. Be3 Rc7 33. Bb6 Rcc8 34. Bc5
Nd8 35. Qe3 Kg6 36. Rb6 Qa4 37. Qa3 Qxa3 38. Bxa3 g4 39. fxg4 hxg4 40. Rf1 Rc7
41. Kf2 Kg7 42. Ke2 Nc6 43. Kd3 Rd8 44. Bb2 Bf7 45. Bc3 Bg6 46. Ke3 Bf7 47. Rf2
Rdd7 48. Rf1 Rc8 49. Rf2 Rdc7 50. Kd3 Rd8 51. Bd2 Bg8 52. Ke3 Re8 53. Kd3 Be6
54. Rb1 Rf7 55. Bc3 Kg6 56. Rfb2 Nd8 57. Rb6 Rh7 58. R1b2 Bc8 59. Rf2 Ne6 60.
Bb4 Rc7 61. Bd6 Rh7 62. Kc3 Ng5 63. Bc5 Nf3 64. h4 Rc7 65. Bd6 Rd7 66. Rf1 Red8
67. Bc5 Rc7 68. Be3 Rh8 69. Rfb1 Rhh7 70. Rd6 Rhd7 71. Rbb6 Rxd6 72. Rxd6 Bd7
73. Bb6 1-0